| 000 | 00862nam a22002657a 4500 | ||
|---|---|---|---|
| 001 | BR8104112 | ||
| 003 | BR-BrBNA | ||
| 005 | 20230928091009.0 | ||
| 007 | ta | ||
| 008 | 230509b bl.||||| |||| 00| 0 por d | ||
| 040 |
_aBR-BrBNA _bpor _cBiblioteca Nacional de Agricultura |
||
| 041 | _a(Por) | ||
| 072 |
_aF00 _b3575 _b/G514 |
||
| 090 | _ 3575 BR8104112 | ||
| 110 | 1 |
_aSecretaria de Estado da Agricultura, Curitiba, PR (Brasil). Depto. de Fiscalizacao; _98818 |
|
| 110 | 1 |
_aComissao Estadual de Sementes e Mudas do Parana, Curitiba (Brasil) _92076 |
|
| 245 | 1 | _aNormas de producao de sementes basica, registrada, certificada, fiscalizada [Brasil] | |
| 260 | 3 |
_aCuritiba, PR (Brasil): _c1981. |
|
| 300 | _a104 p. | ||
| 650 | _aPRODUCAO VEGETAL | ||
| 650 | _aSEMENTE | ||
| 650 | _aBENEFICIAMENTO | ||
| 909 |
_a202309 _bLucia _c55 _dLucia Elande |
||
| 942 | _cBK | ||
| 999 |
_c31666 _d31666 |
||